<?xml version="1.0" encoding="UTF-8"?>
<record
    xmlns:xsi="http://www.w3.org/2001/XMLSchema-instance"
    xsi:schemaLocation="http://www.loc.gov/MARC21/slim http://www.loc.gov/standards/marcxml/schema/MARC21slim.xsd"
    xmlns="http://www.loc.gov/MARC21/slim">

  <leader>01322nem0a2200277   4500</leader>
  <controlfield tag="001">RU\NLR\BIBL_A\022104100</controlfield>
  <controlfield tag="005">20260409065128.0</controlfield>
  <datafield tag="035" ind1=" " ind2=" ">
    <subfield code="a">(NLR Aleph) 022104100</subfield>
  </datafield>
  <datafield tag="090" ind1=" " ind2=" ">
    <subfield code="a">12755959</subfield>
    <subfield code="c">12755959</subfield>
  </datafield>
  <datafield tag="100" ind1=" " ind2=" ">
    <subfield code="a">20231228d1960    |||y0rusy50      ca</subfield>
  </datafield>
  <datafield tag="101" ind1="0" ind2=" ">
    <subfield code="a">rus</subfield>
  </datafield>
  <datafield tag="102" ind1=" " ind2=" ">
    <subfield code="a">RU</subfield>
  </datafield>
  <datafield tag="120" ind1=" " ind2=" ">
    <subfield code="a">byy    xx||  </subfield>
  </datafield>
  <datafield tag="123" ind1="1" ind2=" ">
    <subfield code="a">a</subfield>
    <subfield code="b">600000</subfield>
  </datafield>
  <datafield tag="200" ind1="1" ind2=" ">
    <subfield code="a">&#x410;&#x437;&#x4D9;&#x440;&#x431;&#x430;&#x458;&#x4B9;&#x430;&#x43D; &#x421;&#x421;&#x420;</subfield>
    <subfield code="b">&#x41A;&#x430;&#x440;&#x442;&#x44B;</subfield>
    <subfield code="e">&#x41E;&#x440;&#x442;&#x430; &#x43C;&#x4D9;&#x43A;&#x442;&#x4D9;&#x431; &#x443;&#x447;&#x443;&#x43D; &#x442;&#x4D9;&#x434;&#x440;&#x438;&#x441; &#x445;&#x44D;&#x440;&#x438;&#x442;&#x4D9;&#x441;&#x438;</subfield>
    <subfield code="f">&#x425;&#x4D9;&#x440;&#x438;&#x442;&#x4D9; 1960-&#x4B9;&#x44B; &#x438;&#x43B;&#x434;&#x4D9; &#x411;&#x49C;&#x425;&#x418;-&#x43D;&#x438;&#x43D; &#x422;&#x431;&#x438;&#x43B;&#x438;&#x441;&#x438; &#x445;&#x4D9;&#x440;&#x438;&#x442;&#x4D9;&#x447;&#x438;&#x43B;&#x438;&#x43A; &#x444;&#x430;&#x431;&#x440;&#x438;&#x43A;&#x438; &#x432;&#x4D9; &#x410;&#x437;&#x4D9;&#x440;&#x431;&#x430;&#x458;&#x4B9;&#x430;&#x43D; &#x421;&#x421;&#x420; &#x415;&#x410; &#x4B8;&#x43E;&#x433;&#x440;&#x430;&#x444;&#x438;j&#x430; &#x418;&#x43D;&#x441;&#x442;&#x438;&#x442;&#x443;&#x442;&#x443; &#x442;&#x4D9;&#x440;&#x4D9;&#x444;&#x438;&#x43D;&#x434;&#x4D9;&#x43D; &#x442;&#x4D9;&#x440;&#x442;&#x438;&#x431; &#x435;&#x434;&#x438;&#x43B;&#x43C;&#x438;&#x448;&#x434;&#x438;&#x440;</subfield>
    <subfield code="g">&#x420;&#x435;&#x434;.: &#x410;&#x43A;&#x43E;&#x43F;&#x43E;&#x432;&#x430; &#x41A;. &#x421;.</subfield>
  </datafield>
  <datafield tag="206" ind1=" " ind2=" ">
    <subfield code="a">1:600 000, 6 &#x43A;&#x43C; &#x432; 1 &#x441;&#x43C;</subfield>
  </datafield>
  <datafield tag="210" ind1=" " ind2=" ">
    <subfield code="a">&#x41C;&#x43E;&#x441;&#x43A;&#x432;&#x430;</subfield>
    <subfield code="c">&#x421;&#x421;&#x420;&#x418; &#x49C;J&#x421;M&#x41D; &#x411;&#x49C;&#x425;&#x418;</subfield>
    <subfield code="d">1961</subfield>
  </datafield>
  <datafield tag="215" ind1=" " ind2=" ">
    <subfield code="a">1 &#x43A;.</subfield>
    <subfield code="c">&#x446;&#x432;.</subfield>
    <subfield code="d">101&#x445;86 &#x441;&#x43C;</subfield>
  </datafield>
  <datafield tag="509" ind1="0" ind2="1">
    <subfield code="7">ca</subfield>
    <subfield code="a">&#x410;&#x437;&#x435;&#x440;&#x431;&#x430;&#x439;&#x434;&#x436;&#x430;&#x43D;&#x441;&#x43A;&#x430;&#x44F; &#x421;&#x421;&#x420;</subfield>
    <subfield code="9">2639610</subfield>
    <subfield code="3">RU\NLR\AUTH\5508638</subfield>
  </datafield>
  <datafield tag="607" ind1=" " ind2=" ">
    <subfield code="a">&#x410;&#x437;&#x435;&#x440;&#x431;&#x430;&#x439;&#x434;&#x436;&#x430;&#x43D;&#x441;&#x43A;&#x430;&#x44F; &#x421;&#x421;&#x420;</subfield>
    <subfield code="j">&#x41A;&#x430;&#x440;&#x442;&#x44B; &#x443;&#x447;&#x435;&#x431;&#x43D;&#x44B;&#x435; &#x434;&#x43B;&#x44F; &#x441;&#x440;&#x435;&#x434;&#x43D;&#x435;&#x439; &#x448;&#x43A;&#x43E;&#x43B;&#x44B;</subfield>
    <subfield code="9">911793</subfield>
    <subfield code="3">RU\NLR\AUTH\6613419</subfield>
  </datafield>
  <datafield tag="608" ind1=" " ind2=" ">
    <subfield code="a">&#x410;&#x434;&#x43C;&#x438;&#x43D;&#x438;&#x441;&#x442;&#x440;&#x430;&#x442;&#x438;&#x432;&#x43D;&#x44B;&#x435; &#x43A;&#x430;&#x440;&#x442;&#x44B;</subfield>
    <subfield code="3">RU\NLR\AUTH\667834</subfield>
    <subfield code="9">901648</subfield>
  </datafield>
  <datafield tag="702" ind1=" " ind2="1">
    <subfield code="a">&#x410;&#x43A;&#x43E;&#x43F;&#x43E;&#x432;&#x430;</subfield>
    <subfield code="b">&#x41A;. &#x421;.</subfield>
    <subfield code="4">340</subfield>
  </datafield>
  <datafield tag="852" ind1=" " ind2=" ">
    <subfield code="a">NLR</subfield>
    <subfield code="b">&#x41A;</subfield>
    <subfield code="j">4-&#x41A;&#x430;&#x432; 4/542</subfield>
    <subfield code="m">39830</subfield>
  </datafield>
  <datafield tag="942" ind1=" " ind2=" ">
    <subfield code="c">MAP</subfield>
  </datafield>
  <datafield tag="980" ind1=" " ind2=" ">
    <subfield code="a">NB</subfield>
  </datafield>
</record>
